| 000 | 004860000a22001810004500 | ||
|---|---|---|---|
| 003 | MACL | ||
| 005 | 20150704120441.0 | ||
| 008 | 150704b xxu||||| |||| 00| 0 eng d | ||
| 040 |
_aMACL _cMACL |
||
| 041 | _aEnglish | ||
| 082 | _a300/OOM | ||
| 100 |
_aOommen T K _9517 |
||
| 245 |
_aSocial Transformation in Rural India _bMobilization and State Intervevtion |
||
| 260 |
_bVikas Publishing House _c1984 _aDelhi |
||
| 350 | _a125 | ||
| 650 |
_aSocial Science _929 |
||
| 942 |
_cBK _k300 _2ddc |
||
| 999 |
_c5552 _d5552 |
||